[Event "Dhaka Marcel op"]
[Site "Dhaka"]
[Date "2022.04.22"]
[Round "4"]
[White "Ghosh, Abhijit"]
[Black "Mowla, Khondakar Nazre"]
[Result "1-0"]
[WhiteElo "2022"]
[BlackElo "1803"]
[PlyCount "107"]
[EventDate "2022.04.19"]
[EventType "swiss"]
[EventRounds "9"]
[EventCountry "BAN"]
[SourceTitle "EXT 2023"]
[Source "ChessBase"]
[SourceDate "2022.10.05"]
[SourceVersion "1"]
[SourceVersionDate "2022.10.05"]
[SourceQuality "1"]

1. e4 c5 2. Bc4 Nc6 3. Nf3 g6 4. Nc3 Bg7 5. d3 e6 6. 0-0 a6 7. a4 Nge7 8. Bf4 d6 9. Rb1 0-0 10. h3 Ne5 11. Nxe5 dxe5 12. Be3 Qa5 13. Bd2 Qc7 14. Be3 Qa5 15. Bd2 Qc7 16. Be3 Qa5 17. Bd2 Qc7 18. Ne2 Nc6 19. Be3 Qd6 20. Qd2 Rb8 21. a5 Rd8 22. Rfd1 Bf8 23. Ra1 Bd7 24. Nc3 Nd4 25. Rf1 Bg7 26. Ne2 Bb5 27. b3 b6 28. axb6 Qxb6 29. Nc3 Ra8 30. Na4 Qc7 31. Rfb1 Bf8 32. c3 Bxa4 33. Rxa4 Nb5 34. Rba1 Qb7 35. Bg5 Rdb8 36. Bf6 Bg7 37. Bg5 Nd6 38. Be3 Nxc4 39. bxc4 Bf8 40. Kf1 Rc8 41. Qa2 Rc6 42. Ra5 Bd6 43. g3 f5 44. exf5 exf5 45. d4 Kg7 46. d5 Rc7 47. Rxa6 Rd8 48. Ra7 Qc8 49. Rxc7+ Qxc7 50. Qa7 Rd7 51. Qxc7 Rxc7 52. Ra6 Rd7 53. Rc6 f4 54. Bxc5 1-0

[Event "Dhaka Saarc op"]
[Site "Dhaka"]
[Date "2019.11.27"]
[Round "3"]
[White "Shawket Bin, Osman Shaon"]
[Black "Mowla, Khondakar Nazre"]
[Result "1-0"]
[WhiteElo "2006"]
[BlackElo "1864"]
[PlyCount "77"]
[EventDate "2019.11.25"]
[EventType "swiss"]
[EventRounds "9"]
[EventCountry "BAN"]
[SourceTitle "CBM 193 Extra"]
[Source "ChessBase"]
[SourceDate "2020.01.31"]
[SourceVersion "1"]
[SourceVersionDate "2020.01.31"]
[SourceQuality "1"]

1. d4 d5 2. c4 e6 3. Nc3 Nf6 4. a3 Be7 5. Nf3 0-0 6. e3 b6 7. Bd3 dxc4 8. Bxc4 Bb7 9. 0-0 Nbd7 10. Qe2 Ne4 11. Nxe4 Bxe4 12. Rd1 Qc8 13. Bd2 Qb7 14. Ne1 Bf6 15. f3 Bg6 16. Bc3 Rad8 17. e4 c5 18. d5 Bxc3 19. bxc3 exd5 20. Bxd5 Qc7 21. Nd3 Ne5 22. Nf2 Nc6 23. Ng4 Rfe8 24. Ne3 Kf8 25. Bxc6 Qxc6 26. Rxd8 Rxd8 27. Rd1 Rxd1+ 28. Qxd1 Ke8 29. Qd3 f6 30. Nc4 Ke7 31. Ne3 Qd7 32. Nd5+ Kd8 33. c4 Bf7 34. h3 Qd6 35. Qe3 Qe5 36. f4 Qa1+ 37. Kh2 Bxd5 38. exd5 Qf1 39. d6 1-0

[Event "BAN Walton 1st League"]
[Site "Dhaka"]
[Date "2018.11.02"]
[Round "9.3"]
[White "Mowla, Khondakar Nazre"]
[Black "Mohammad, Alamgir1111"]
[Result "1/2-1/2"]
[WhiteElo "1843"]
[BlackElo "1817"]
[PlyCount "40"]
[EventDate "2018.10.25"]
[EventType "team-tourn"]
[EventRounds "11"]
[EventCountry "BAN"]
[SourceTitle "CBM 187 Extra"]
[Source "ChessBase"]
[SourceDate "2018.11.04"]
[SourceVersion "1"]
[SourceVersionDate "2018.11.04"]
[SourceQuality "1"]
[WhiteTeam "Debdas Biswas Smirity Sangsad"]
[BlackTeam "Kasparov CC"]
[WhiteTeamCountry "BAN"]
[BlackTeamCountry "BAN"]

1. d4 Nf6 2. c4 g6 3. Nc3 Bg7 4. Nf3 0-0 5. e4 d6 6. Be2 Nbd7 7. 0-0 e5 8. Bg5 h6 9. Bh4 g5 10. Bg3 Nh5 11. dxe5 Nxg3 12. hxg3 Nxe5 13. Nxe5 Bxe5 14. Qd2 Be6 15. f4 Qf6 16. fxe5 Qxe5 17. g4 Kg7 18. Qe3 c6 19. Rac1 d5 20. cxd5 cxd5 1/2-1/2

[Event "BAN-chT"]
[Site "Dhaka"]
[Date "2016.12.01"]
[Round "9.2"]
[White "Islam, Obaidul Shahin"]
[Black "Mowla, Khondakar Nazre"]
[Result "1-0"]
[WhiteElo "2020"]
[BlackElo "1927"]
[PlyCount "45"]
[EventDate "2016.11.23"]
[EventType "team-tourn"]
[EventRounds "9"]
[EventCountry "BAN"]
[SourceTitle "EXT 2018"]
[Source "ChessBase"]
[SourceDate "2017.10.13"]
[SourceVersion "1"]
[SourceVersionDate "2017.10.13"]
[SourceQuality "1"]
[WhiteTeam "Agrani Bank Daba Dal"]
[BlackTeam "Debdas Biswas Smirity Sangsad"]
[WhiteTeamCountry "BAN"]
[BlackTeamCountry "BAN"]

1. d4 d5 2. c4 c6 3. Nc3 Nf6 4. Nf3 e6 5. Bg5 Be7 6. e3 h6 7. Bh4 a6 8. Bd3 dxc4 9. Bxc4 b5 10. Bd3 Nbd7 11. 0-0 Bb7 12. e4 c5 13. e5 Ng8 14. Ne4 g5 15. Bg3 c4 16. Bc2 Nb6 17. Nd6+ Bxd6 18. exd6 Nc8 19. Qe2 Bd5 20. Rfe1 Nf6 21. Qe5 0-0 22. Nxg5 Qxd6 23. Qxf6 1-0

[Event "BAN-chT"]
[Site "Dhaka"]
[Date "2016.11.29"]
[Round "7.1"]
[White "Mowla, Khondakar Nazre"]
[Black "Karim, M Shahin"]
[Result "0-1"]
[WhiteElo "1927"]
[BlackElo "1935"]
[PlyCount "90"]
[EventDate "2016.11.23"]
[EventType "team-tourn"]
[EventRounds "9"]
[EventCountry "BAN"]
[SourceTitle "EXT 2018"]
[Source "ChessBase"]
[SourceDate "2017.10.13"]
[SourceVersion "1"]
[SourceVersionDate "2017.10.13"]
[SourceQuality "1"]
[WhiteTeam "Debdas Biswas Smirity Sangsad"]
[BlackTeam "Mir CC"]
[WhiteTeamCountry "BAN"]
[BlackTeamCountry "BAN"]

1. d4 d6 2. e4 c6 3. Nc3 g6 4. Nf3 Bg7 5. Bc4 b5 6. Bb3 a6 7. 0-0 Qc7 8. Bf4 e5 9. dxe5 dxe5 10. Bg3 Ne7 11. Ng5 0-0 12. f4 Qb6+ 13. Kh1 c5 14. Nd5 Nxd5 15. Bxd5 Ra7 16. fxe5 h6 17. Nf3 Bg4 18. Qd2 Nc6 19. h3 Bxf3 20. Rxf3 Nd4 21. Rf2 Re7 22. Raf1 Ne6 23. b3 Rd7 24. c4 Ng5 25. Qe3 Ne6 26. cxb5 axb5 27. b4 Rc7 28. bxc5 Qxc5 29. Qb3 Nd4 30. Qe3 Ra7 31. Rc1 Ra3 32. Rxc5 Rxe3 33. Kh2 Ne2 34. Rf3 Nxg3 35. Kxg3 Bxe5+ 36. Kg4 h5+ 37. Kg5 Rxf3 38. gxf3 Kg7 39. Bb3 f6+ 40. Kh4 Kh6 41. Rxe5 fxe5 42. Kg3 h4+ 43. Kf2 Kg5 44. Ke3 Rc8 45. Be6 Rc3+ 0-1

[Event "BAN-chT"]
[Site "Dhaka"]
[Date "2016.11.23"]
[Round "1.1"]
[White "Srijit, Paul"]
[Black "Mowla, Khondakar Nazre"]
[Result "1-0"]
[WhiteElo "2354"]
[BlackElo "1927"]
[PlyCount "51"]
[EventDate "2016.11.23"]
[EventType "team-tourn"]
[EventRounds "9"]
[EventCountry "BAN"]
[SourceTitle "EXT 2018"]
[Source "ChessBase"]
[SourceDate "2017.10.13"]
[SourceVersion "1"]
[SourceVersionDate "2017.10.13"]
[SourceQuality "1"]
[WhiteTeam "Access"]
[BlackTeam "Debdas Biswas Smirity Sangsad"]
[WhiteTeamCountry "BAN"]
[BlackTeamCountry "BAN"]

1. e4 e5 2. Nf3 Nc6 3. Bc4 h6 4. 0-0 Nf6 5. d4 exd4 6. e5 d5 7. Bb5 Ne4 8. Nxd4 Bd7 9. Bxc6 bxc6 10. f3 Ng5 11. Nb3 Be7 12. Nc3 Bf5 13. Nd4 Bc5 14. Nce2 0-0 15. Kh1 Qd7 16. Bxg5 hxg5 17. Qd2 Be7 18. Nxf5 Qxf5 19. Nd4 Qd7 20. Qd3 c5 21. Nf5 c6 22. f4 gxf4 23. Rxf4 g6 24. Raf1 Qe6 25. Nh6+ Kg7 26. Nxf7 1-0